000
00236nam a22000857a 4500
008
161116b xxu||||| |||| 00| 0 eng d
100
_9
1262
_a
Chaitanya. K
245
_a
How india won her freedom
260
_a
New delhi
_b
National book trust
_c
2006
999
_c
3965
_d
3965